Vláda nechce uznať predaj Nafty americkej Cinergy

Fond národného majetku (FNM) SR vykonal v prípade Nafty, a.s. Gbely všetko, čo mu dovoľujú jeho možnosti. Záujem štátu získať kontrolu nad Naftou. Snaha americkej Cinergy kúpiť akcie Nafty, oddlžiť ju a investovať do nej. Rozpory medzi vládou a FNM SR. Pripravenosť SPP investovať do Nafty.

Gespeichert in:
Bibliographische Detailangaben
1. Verfasser: Hirman, Karel
Format: Buchkapitel
Sprache:Slowakisch
Schlagworte:
Tags: Tag hinzufügen
Keine Tags, Fügen Sie das erste Tag hinzu!

MARC

LEADER 00000naa a2200000 4500
001 r035555
005 20230921103808.0
041 0 |a slo 
044 |a SK 
245 1 0 |a Vláda nechce uznať predaj Nafty americkej Cinergy  |c Karel Hirman 
520 |a Fond národného majetku (FNM) SR vykonal v prípade Nafty, a.s. Gbely všetko, čo mu dovoľujú jeho možnosti. Záujem štátu získať kontrolu nad Naftou. Snaha americkej Cinergy kúpiť akcie Nafty, oddlžiť ju a investovať do nej. Rozpory medzi vládou a FNM SR. Pripravenosť SPP investovať do Nafty. 
610 2 0 |a plyn zemný 
610 2 0 |a predaj 
610 2 0 |a investície zahraničné 
610 2 0 |a akcie 
610 2 0 |a vlády 
610 2 0 |a Nafta, a.s. Gbely 
610 2 0 |a FNM SR Bratislava 
610 2 0 |a Cinergy 
100 1 |a Hirman, Karel